Statistics for 10 Biggest Cities in Order: Alabama

Click here to take the quiz!

General Stats

  • This quiz has been taken 20 times
  • The average score is 5 of 10

Answer Stats

#PopulationCity% Correct
1210,000Birmingham
100%
2198,000Montgomery
100%
3197,000Huntsville
78%
4190,000Mobile
78%
5101,000Tuscaloosa
61%
866,000Auburn
50%
768,000Dothan
22%
685,000Hoover
22%
954,000Decatur
11%
1050,000Madison
11%

Score Distribution

Percentile by Number Answered

Percent of People with Each Score

Your Score History

You have not taken this quiz